Central Library OPAC University of Rajshahi

স্বদেশ / (Record no. 44125)

MARC details
000 -LEADER
fixed length control field 00813nam a22002177a 4500
001 - CONTROL NUMBER
control field 44125
003 - CONTROL NUMBER IDENTIFIER
rucl marc code BD-RjUL
005 - DATE AND TIME OF LATEST TRANSACTION
control field 20211209053814.0
008 - FIXED-LENGTH DATA ELEMENTS--GENERAL INFORMATION
fixed length control field 160713s1957 bg ||||| |||| 00| 0 ben d
035 ## - SYSTEM CONTROL NUMBER
System control number (BD-RjUL) 44243
040 ## - CATALOGING SOURCE
Original cataloging agency BD-RjUL
Language of cataloging ben
Transcribing agency BD-RjUL
041 ## - LANGUAGE CODE
Language code of text/sound track or separate title ben
082 ## - DEWEY DECIMAL CLASSIFICATION NUMBER
Edition number 23
Classification number 891.4414
Author mark and year TAS 1957
100 ## - MAIN ENTRY--PERSONAL NAME
Personal name ঠাকুর, রবীন্দ্রনাথ
9 (RLIN) 135477
245 10 - TITLE STATEMENT
Title স্বদেশ /
Statement of responsibility, etc. রবীন্দ্রনাথ ঠাকুর
260 ## - PUBLICATION, DISTRIBUTION, ETC. (IMPRINT)
Place of publication, distribution, etc. কলিকাতা :
Name of publisher, distributor, etc. বিশ্বভারতী,
Date of publication, distribution, etc. ১৯৫৭
300 ## - PHYSICAL DESCRIPTION
Pagination ১০৩ পৃ. ;
Size ১৯ সেমি.
600 ## - SUBJECT ADDED ENTRY--PERSONAL NAME
Personal name ঠাকুর, রবীন্দ্রনাথ,
Dates associated with a name ১৮৬১-১৯৪১
Personal name Tagore, Robindronath ,
Dates associated with a name 1861-1941
942 ## - ADDED ENTRY ELEMENTS (KOHA)
Source of classification or shelving scheme Dewey Decimal Classification
Koha item type Books
Holdings
Lost status Source of classification or shelving scheme Damaged status Not for loan Collection code Permanent Location Current Location Shelving location Date acquired Source of acquisition Cost, normal purchase price Total Checkouts Full call number Date last seen Copy number Koha item type
  Dewey Decimal Classification     Non-fiction Central Library, University of Rajshahi Central Library, University of Rajshahi   19/12/1961 Rajushahi : Faruk Library 1.44   B 891.4414 TAS 1957 13/07/2016 C-2 Books
  Dewey Decimal Classification   Not For Loan Non-fiction Central Library, University of Rajshahi Central Library, University of Rajshahi Reading Room 08/02/2023 R.U.C.L     B 891.4414 TAS 1957 09/02/2023 C-1 Books
  Dewey Decimal Classification     Non-fiction Central Library, University of Rajshahi Central Library, University of Rajshahi General Stacks 08/02/2023 R.U.C.L     B 891.4414 TAS 1957 09/02/2023 C-3 Books